000 00821nas a2200265 4500
001 BR2014002449
003 BR-BrBNA
005 20231205123931.0
007 ta
008 230509b bl.|||p| |||| 00| 00por d
040 _aBR-BrBNA
_bpor
_cBiblioteca Nacional de Agricultura
041 _a(Pt)
072 _aQ02
100 1 _aGondim, F.
245 1 _aBioquímica muscular, maciez da carne e melhoramento das raças zebuínas
650 _aCARNE
650 _aBOVINO
650 _aGADO DE CORTE
650 _aRASTREAMENTO
650 _aAMACIAMENTO
773 0 _tRevista de Política Agrícola (Brazil)
_xISSN 1413-4969
_g(Oct-Dec 2013), v. 22(4) p. 95-108
_wBR2014002449
856 4 _uRPA 4 2013.pdf#page=96-109
_yRecurso eletrônico (PDF)
909 _a202311
_bLúcia
_c55
_dLúcia Elande
942 _2AGRIS
_n0
_cANA
999 _c236466
_d236466